CORRECTIVE RHIOPLASTY (Record no. 14335)

MARC details
000 -LEADER
fixed length control field 00261nam a22001337a 4500
003 - CONTROL NUMBER IDENTIFIER
control field SGT
082 ## - DEWEY DECIMAL CLASSIFICATION NUMBER
Classification number 617.51
Item number C13S
100 ## - MAIN ENTRY--PERSONAL NAME
Personal name SOOD,V P
245 ## - TITLE STATEMENT
Title CORRECTIVE RHIOPLASTY
250 ## - EDITION STATEMENT
Edition statement 3RD
260 ## - PUBLICATION, DISTRIBUTION, ETC. (IMPRINT)
Place of publication, distribution, etc INDIA
Name of publisher, distributor, etc CBS
Year of Publication 2013
300 ## - PAGE DESCRIPTION
No. of Pages 286
942 ## - ADDED ENTRY ELEMENTS (KOHA)
Source of classification or shelving scheme Dewey Decimal Classification
Koha item type Books
Holdings
Withdrawn status Lost status Source of classification or shelving scheme Damaged status Not for loan Collection code Home library Current library Shelving location Date acquired Vendor Name Cost, normal purchase price SGTU Bill Number Total Checkouts Full call number Accession No. (Barcode) Date last seen Bill Date Koha item type Date last borrowed
    Dewey Decimal Classification     MEDICAL SGT Medical Library SGT Medical Library Reference Book 28/12/2017 ABC DELHI 1995.00 SGTU 8707   617.51 C13S FM9258 28/12/2017 08/08/2017 Books  
    Dewey Decimal Classification     MEDICAL SGT Medical Library SGT Medical Library Reference Book 28/12/2017 ABC DELHI 1995.00 SGTU 8707 1 617.51 C13S FM9259 07/08/2019 08/08/2017 Books 25/07/2019